| 000 | 00730nam a2200205 a 4500 | ||
|---|---|---|---|
| 001 | 000042876 | ||
| 005 | 20201002040451.0 | ||
| 008 | 140211s1979 sp 000 0 spa d | ||
| 020 | _a8430611614 | ||
| 040 |
_aDO-SdBNP _bspa _cBNPHU |
||
| 245 | 0 | 0 |
_aCorrespondencia / _cSigmund Freud, Carl-Gustav Jung ; edición de William McGuire y Wolfgang Sauerlander. |
| 260 |
_aMadrid : _bTaurus, _c1979. |
||
| 300 |
_a682 p ; _c22 cm. |
||
| 490 | 1 |
_aEnsayistas _v161 |
|
| 504 | _aIncluye referencias bibliográficas y notas al pie de las páginas | ||
| 700 | 1 |
_aJung, C. G. _g(Carl Gustav) _d1875-1961 _970294 |
|
| 700 | 1 |
_aMacGuire, William, _eed. _970295 |
|
| 700 | 1 |
_aSauerlander, Wolfgang, _eed. _970296 |
|
| 830 | 0 |
_aEnsayistas _v161 _948911 |
|
| 999 |
_c42365 _d42365 |
||